000 00704nam a22002417a 4500
005 20260515114851.0
008 201120b ||||| |||| 00| 0 eng d
020 _a9788194692416
040 _aIN-DiNC
_cIN-DiNC
041 _dasm
082 _a327
_bGOH
100 _aGohain, Nabin
_eauthor
245 _aAntarashtriya samparka aru bishwa itihasar prekshapatsamuh/
_cby Nabin Gohain, Pankaj Bora and Pranjit Saikia
250 _a1st ed.
260 _aJorhat:
_bBidya bhawan,
_c2020
300 _a374p.
650 _aPolitical science
650 _aInternational relations
650 _aWorld history
700 _aBora, Pankaj
_eauthor
700 _aSaikia, Pranjit
_eauthor
942 _2ddc
_cBK
999 _c11061
_d11061